| 000 | 00557nam a2200217 a 4500 | ||
|---|---|---|---|
| 001 | 0001-2164 | ||
| 003 | ELIB.Books | ||
| 008 | 190727 2010 eng | ||
| 020 | _a0849906741 | ||
| 092 |
_a262.1 _bMcK |
||
| 100 | _aMcKenna, David L. | ||
| 245 | _aPower to follow Gace to Lead | ||
| 260 |
_aLondon _bWord Publishing _c1989 |
||
| 300 |
_a199 _c22cm |
||
| 650 | _aChristian Leadership | ||
| 856 |
_nKBTS Library _uKBTS Elib |
||
| 942 |
_2ddc _cBK |
||
| 990 | _a1 | ||
| 998 |
_aEnglishbooks.elf _ccat _e2019-07-27 |
||
| 999 |
_c12164 _d12164 |
||